00326 a2200097 4500001001000000005001700010008004100027245003200068100002400100773010400124ART_2600620260410161935.0260409a 10aA cincuenta años del GATT1 aAlemann, Roberto T.0 tAnales de la Academia Nacional de Ciencias Económicasg- Vol. XLIII, (1998) (ene. 1999)wREV25596